Statistics for Department Stores Merged with Macy's

Click here to take the quiz!

General Stats

  • This quiz has been taken 7 times
    (3 since last reset)
  • The average score is 13 of 61

Answer Stats

Ceased OperationsAnswer% Correct
2006Hecht's
67%
2006Kaufmann’s
67%
2005Lazarus
67%
2006Marshall Field's
67%
2001Stern's
67%
2005The May Company
67%
1993The May Company Ohio
67%
1995Abraham & Straus
33%
1986Bamberger's
33%
1987Block's
33%
2005Burdines
33%
1986Davison's
33%
1996Emporium-Capwell
33%
2006Filene's
33%
2006Foley's
33%
1982Halle's
33%
1987Herpolsheimer's
33%
1994Horne's
33%
1994I. Mangin
33%
1996Jordan Marsh
33%
2006L.S. Ayres
33%
2005Rich's
33%
1982Rike's
33%
2006Robinsons-May
33%
1987Sanger Harris
33%
1990Sibley's
33%
1995Steiger's
33%
1996The Broadway
33%
1988The Cresent
33%
2005Wanamaker's
33%
1995Weinstock's
33%
1995Bullocks
0%
1998Caster Knott
0%
2006Famous Barr
0%
1992Frederick & Nelson
0%
1982Gertz
0%
1993G. Fox & Co.
0%
1988Gold Circle
0%
2005Goldsmith's
0%
1989Goldwater's
0%
1998H. & S. Pogue
0%
2001Hudson's
0%
1990Ivey's
0%
2001Liberty House
0%
1979Lipman's
0%
1991Maas Brothers
0%
2005May-Daniels & Fisher
0%
2006Meier & Frank
0%
1990Miller & Rhoads
0%
1989O'Neil's
0%
1993Read's
0%
1986Shillito's
0%
1986Stewart's
0%
2006Strawbridge's
0%
1986Strouss
0%
1992Thalhimers
0%
2005The Bon Marché
0%
1987The Denver
0%
2006The Jones Store
0%
1995Woodward & Lothrop
0%
2002ZCMI
0%

Score Distribution

Percentile by Number Answered

Percent of People with Each Score

Your Score History

You have not taken this quiz since the last reset